000 00763nam a2200157 a 4500
008 120416s1979 ||||||||||||||||| || u
050 _aSD 434 Tim
245 1 0 _aTimbers of the world
246 _aTimber Research and Development Association
260 _aLancaster
_bConstruction Press
_c1979
300 _a2vols. : ill
350 _a0.00
995 _aBINDERY (DAMAGED)
_D0.00
_e719778
_FCBU-MAIN LIBRARY (Kitwe)
_H1
_I0.00
_jREF SD 434 Tim
_M1
_UDAMAGED
_y023262
_ZReference Collection
995 _aREFERENCE BOOKS
_D0.00
_e708819
_FCBU-MAIN LIBRARY (Kitwe)
_H1
_I0.00
_jSD 434 TIM
_M3
_UREFERENCE
_WApr 15, 2008
_y023200
_ZReference Collection
995 _aREFERENCE BOOKS
_D0.00
_e708818
_FCBU-MAIN LIBRARY (Kitwe)
_H2
_I0.00
_jSD 434 Tim
_M2
_UREFERENCE
_y023201
_ZReference Collection
999 _c81322
_d81322